000 00586nam a22002057a 4500
100 _aSchneider, F.
245 _aAdditive manufacturing of rubber parts based on low viscous compounds using a direct-ink-writing process
260 _bKautschuk Gummi Kunststoffe, 76(2): 2023. 43-50.
300 _bApril
650 _a3D-printing
650 _aAdditive manufacturing
650 _aRapid prototyping
650 _aProcess chain
650 _aLow viscous rubber pastes
650 _aSolvents
700 _aThiel, R
700 _aKlie, B.
700 _aGiese, U.
942 _cJS
999 _c75272
_d75272